| 000 | 01524nam a2200325 c 4500 | ||
|---|---|---|---|
| 003 | BLK | ||
| 005 | 20241030152050.0 | ||
| 008 | 180413b bul|||||r ||||||| ||bul|| | ||
| 010 | _aKNG00026533000 | ||
| 040 | _aBLK | ||
| 041 |
_aBUL _cBUL |
||
| 080 |
_aИкономическо положение. Икономическа политика. Управление. Планиране. Производство. Услуги. Цени _b338 _x(091)(075.8) _z338(091)(075.8) |
||
| 100 | 1 |
_aБеров, Любен Борисов _eпърви автор _9246745 |
|
| 139 |
_aБеров, Любен Борисов _bБ 40 |
||
| 245 | 1 | 0 |
_aСтопанска история _bИкон. развитие на света от древността до наши дни : Учебник за студенти _cЛюбен Борисов Беров. |
| 250 | _a3. изд. | ||
| 257 | _aBGR | ||
| 260 |
_аСофия _bПланета _c1999 _fСофия : Д. Благоев |
||
| 300 |
_a699 с. _bс табл. _c23 см |
||
| 380 | _a3 | ||
| 500 | _a1. изд. 1944 изд. на Фонд. Отворено о-во. - 2 050 тир. - Препоръч. бибилиогр. с. 691-699. | ||
| 650 | 4 |
_aСтопанство - история - учебници за ВУЗ _9246746 |
|
| 653 | _aстопанска история | ||
| 852 | _aЦб 201359 | ||
| 856 | 4 |
_qpdf _u |
|
| 856 | 4 |
_qpdf _u |
|
| 942 |
_cKNG _n0 _01 |
||
| 944 |
_aCR _c15.01.2003 _k30531 _lЦветелина Шанова |
||
| 944 |
_aED _c16.07.2012 _k |
||
| 999 |
_c24032 _d24032 |
||